Wassily Kandinsky 18661944 (Record no. 8735)

MARC details
000 - LÍDER
campo de control de longitud fija 00731nam a2200217Ia 4500
008 - ELEMENTOS DE DATOS DE LONGITUD FIJA - INFORMACIÓN GENERAL
campo de control de longitud fija 0000001994 gw a 0000000000eng00
020 ## - INTERNATIONAL STANDARD BOOK NUMBER
International Standard Book Number 3822805424
090 ## - NÚMERO DE LLAMADA DE TIPO LC LOCALMENTE ASIGNADO (OCLC)
Número de clasificación (OCLC) (R) PRU00 D81w
100 1# - ENTRADA PRINCIPAL - NOMBRE PERSONAL
Nombre de la persona Duchting, Hajo
245 10 - TÍTULO DECLARACIÓN
Título Wassily Kandinsky 18661944
Resto del título : a revution in painting
Declaración de responsabilidad / Hajo Duchting ; translation Ilmar Lehtpere
260 ## - PUBLICACIÓN, DISTRIBUCIÓN
Lugar de publicación Koln (Alemania) : Benedikt Taschen Verlag GMbH
Fecha de publicación 1994
300 ## - DESCRIPCIÓN FÍSICA
Alcance 95 p.
Dimensiones / 30 cm.
500 ## - NOTA GENERAL
Nota general Donación Sr León Caridi (20080115)
600 00 - ENTRADA DE SUJETO AÑADIDO - NOMBRE PERSONAL
Nombre de la persona KANDINSKY, WASSILY, 18661944/
Subdivisión general TRABAJOS PICTORICOS
650 14 - ENTRADA DE SUJETO AÑADIDO - TÉRMINO TÓPICO
Término tópico o elemento de entrada del nombre geográfico ARTE MODERNO RUSO
650 14 - ENTRADA DE SUJETO AÑADIDO - TÉRMINO TÓPICO
Subdivisión general CATALOGOS
650 14 - ENTRADA DE SUJETO AÑADIDO - TÉRMINO TÓPICO
Subdivisión general EXPOSICIONES
650 14 - ENTRADA DE SUJETO AÑADIDO - TÉRMINO TÓPICO
Término tópico o elemento de entrada del nombre geográfico PINTORES RUSOS
650 14 - ENTRADA DE SUJETO AÑADIDO - TÉRMINO TÓPICO
Término tópico o elemento de entrada del nombre geográfico PINTURA RUSA
700 1# - ENTRADA AGREGADA - NOMBRE PERSONAL
Nombre de la persona Lehtpere, Ilmar
Holdings
Estado de retirada Pérdida de estatus Estado dañado No para préstamo Código de recogida Ubicación permanente Ubicación actual Ubicación de las estanterías Fecha de adquisición Número de llamada completo Código de barras Fecha de la última vez que se vio Número de copia Precio efectivo desde Tipo de artículo Koha
        General ArtNexus ArtNexus General 06/09/2022 P-RU-00 D81W 8740 06/09/2022 Ej.1 06/09/2022 Libro

Powered by Koha